01413nas a22002297a 450000500170000000700120001700800410002902200140007004000090008408200150009321000240010824500720013226000380020430000160024231000150025836500160027350007840028965000500107365100100112365500140113385600360114720200520110453.0cz aa aaaaa200428c b||poo|||| 00| 0 eng d a2581-348X coclc a540bJOU/C aInt. J. Chem. Stud. aInternational Journal of Chemistry Studieshe-Journal (Open Access) bGupta PublicationsaDelhi, India  aPDF(online) aBi-Monthly eOpen Access aThis Journal provides the platform established with the aim of motivating the researchers in the research and development of chemical sciences. Abstracting and Indexing information: Journal is in process to index with Index Copernicus, Ulrich's International Periodical Directory, Google Search, Google Scholar, Indian Science, PubsHub, Libraries Directory and Many More important databases. The journal publishes chemical, pharmaceutical and biomedical review and research articles which include: Organic Chemistry, Physical Chemistry, Analytical Chemistry, Polymer Sciences, Medicinal Chemistry, Natural Chemistry, Biochemistry, Analytical Research Works, QSAR Studies, Nanotechnology, Biotechnological Research Works, Method and Process Development, Drug Development and etc 0aNatural sciences & mathematicsvChemistry 0aIndia 0ae-Journal uhttp://www.chemistryjournal.in/